000 01907nam a2200553 i 4500
001 38645
003 KOSZ 005
005 20220722124157.0
008 001218s2000 pl a |001 0 pol
015 _aUWD 2000/23446
020 _a8320425123
035 _a991015381229705066
035 _a(PL-WaBN)b14131134-48omnis_nlop
035 _ab14131134
035 _a(OCoLC)749557499
035 _azz2004960452
035 _a(PL)b0000001413113
035 _a(EXLNZ-48OMNIS_NETWORK)9910223805905606
040 _aWA N
_cWA N
_dKOSZ 005/HR
041 1 _apol
_aeng
_hfre
046 _k1997
080 _a811.111
080 _a004
080 _a(07)
100 1 _aOtman, Gabriel
_eAutor
245 1 0 _aAngielski dla internautów /
_cGabriel Otman ; tł. Jerzy Gronkowski.
246 1 _iTyt. oryg.:
_aAnglais de l'Internet
260 _aWarszawa :
_bWydawnictwa Naukowo-Techniczne,
_c2000.
300 _a313, [2] s., [2] s. tabl. luz. :
_b1 il. ;
_c20 cm.
336 _aTekst
_btxt
_2rdacontent
337 _aBez urządzenia pośredniczącego
_bn
_2rdamedia
338 _aWolumin
_bnc
_2rdacarrier
380 _aKsiążki
388 _a1901-2000
388 _a1989-2000
500 _aTyt. oryg.: "L'Anglais de l'Internet" 1997. - Na okł. podtyt.: słownictwo angielskie pozwalające swobodnie surfować i nie zgubić się w Internecie.
504 _aIndeksy.
546 _aTekst ang., pol.
650 7 _aInformatyka
_2DBN
650 7 _aTerminologia
650 7 _aJęzyk angielski
_2DBN
655 7 _aPodręcznik
_2DBN
658 _aInformatyka i technologie informacyjne
700 1 _aGronkowski, Jerzy
_eTłumaczenie
710 2 _aWydawnictwa Naukowo-Techniczne
_4pbl
856 _uhttp://koha.tu.koszalin.pl/cgi-bin/koha/opac-detail.pl?biblionumber=38645
_yKatalog online BPK
942 _2UKD
_cKS
999 _c38645
_d38645